书目信息 |
| 题名: |
建设工程进度控制答疑精讲与试题精练
|
|
| 作者: | 孙玉保 主编 ;环球职业教育在线 组编 | |
| 分册: | ||
| 出版信息: | 北京 中国电力出版社 2007.01 |
|
| 页数: | 254页 | |
| 开本: | 26cm | |
| 丛书名: | 2007全国注册监理工程师执业资格考试辅导用书 | |
| 单 册: | ||
| 中图分类: | TU722 | |
| 科图分类: | ||
| 主题词: | 建筑工程--jian zhu gong cheng--施工进度计划--考核--自学参考资料 | |
| 电子资源: | ||
| ISBN: | 978-7-5083-4929-9 | |
| 000 | 01232nam 2200253 450 | |
| 001 | 012007863874 | |
| 005 | 20070920171704.89 | |
| 010 | @a978-7-5083-4929-9@dCNY33.00 | |
| 100 | @a20070818d2007 km y0chiy0120 ea | |
| 101 | 0 | @achi |
| 102 | @aCN@b110000 | |
| 105 | @aa z 000yy | |
| 200 | 1 | @a建设工程进度控制答疑精讲与试题精练@Ajian she gong cheng jin du kong zhi da yi jing jiang yu shi ti jing lian@f孙玉保主编@Fsun yu bao zhu bian@g环球职业教育在线组编@Ghuan qiu zhi ye jiao yu zai xian zu bian |
| 210 | @a北京@c中国电力出版社@d2007.01 | |
| 215 | @a254页@c图@d26cm | |
| 225 | 2 | @a2007全国注册监理工程师执业资格考试辅导用书@A2007 quan guo zhu ce jian li gong cheng shi zhi ye zi ge kao shi fu dao yong shu |
| 330 | @a本书是《建设工程进度控制》考试辅导用书,全书共分六章,每章分为:大纲要求、历年考点、2003-2005年考试分布情况表、重要考点、典型答疑、例题解析、练习题及答案、以及三套考前预测试卷。 | |
| 410 | 0 | @12001 @a2007全国注册监理工程师执业资格考试辅导用书 |
| 606 | 0 | @a建筑工程@Ajian zhu gong cheng@x施工进度计划@x考核@j自学参考资料 |
| 690 | @aTU722@v4 | |
| 701 | 0 | @a孙玉保@Asun yu bao@4主编 |
| 712 | 02 | @a环球职业教育在线@Ahuan qiu zhi ye jiao yu zai xian@4组编 |
| 801 | 0 | @aCN@c20070920 |
| 905 | @dTU722@eS970 | |
| 建设工程进度控制答疑精讲与试题精练/孙玉保主编/环球职业教育在线组编.-北京:中国电力出版社,2007.01 |
| 254页:图;26cm.-(2007全国注册监理工程师执业资格考试辅导用书) |
| ISBN 978-7-5083-4929-9:CNY33.00 |
| 本书是《建设工程进度控制》考试辅导用书,全书共分六章,每章分为:大纲要求、历年考点、2003-2005年考试分布情况表、重要考点、典型答疑、例题解析、练习题及答案、以及三套考前预测试卷。 |
| ● |
| 相关链接 |
|
|
|
正题名:建设工程进度控制答疑精讲与试题精练
索取号:TU722/S970
 
预约/预借
| 序号 | 登录号 | 条形码 | 馆藏地/架位号 | 状态 | 备注 |
| 1 | 260230 | 202602308 | 建筑库201/201建筑库 29排3列1层/ [索取号:TU722/S970] | 在馆 | |
| 2 | 260231 | 202602317 | 建筑库201/201建筑库 29排3列1层/ [索取号:TU722/S970] | 在馆 | |
| 3 | 260232 | 202602326 | 建筑库201/201建筑库 29排3列1层/ [索取号:TU722/S970] | 在馆 |